书目信息 |
| 题名: |
政党差异性研究
|
|
| 作者: | 郭亚丁 著 | |
| 分册: | ||
| 出版信息: | 北京 中国经济出版社 2005 |
|
| 页数: | 386页 | |
| 开本: | 21cm | |
| 丛书名: | ||
| 单 册: | ||
| 中图分类: | D2 | |
| 科图分类: | ||
| 主题词: | 政党--比较研究--中国--西方国家 , 中国共产党 | |
| 电子资源: | ||
| ISBN: | 7-5017-0373-6 | |
| 000 | 01095nam0 2200313 450 | |
| 000 | 01058nam0 2200301 450 | |
| 000 | 01004nam0 2200289 450 | |
| 000 | 00950nam0 2200265 450 | |
| 000 | 00979nam0 2200253 450 | |
| 000 | 00942nam0 2200241 45 | |
| 001 | TS2006025316 | |
| 005 | 20061210143735.78 | |
| 010 | @a7-5017-0373-6@dCNY30.00 | |
| 100 | @a20060829d2005 ekmy0chiy0120 ea | |
| 101 | 0 | @achi |
| 102 | @aCN@b110000 | |
| 105 | @ay z 000yy | |
| 200 | 1 | @a政党差异性研究@AZheng Dang Cha Yi Xing Yan Jiu@e中国共产党与西方政党的比较@EZhong Guo Gong Chan Dang Yu Xi Fang Zheng Dang De Bi Jiao@f郭亚丁著@FGuo Ya Ding Zhu |
| 210 | @a北京@c中国经济出版社@d2005 | |
| 215 | @a386页@d21cm | |
| 300 | @a中共浙江省委党校学科建设成果资助出版项目,浙江省哲学社会科学规划课题。 | |
| 606 | 0 | @a政党@x比较研究@y中国@y西方国家 |
| 606 | 0 | @a中国共产党 |
| 690 | @aD2@v3 | |
| 701 | 0 | @a郭亚丁@AGuo Ya Ding@4著 |
| 801 | 0 | @aCN@b中图数据@c20061210 |
| 905 | @a10447@dD2@e103 | |
| 政党差异性研究:中国共产党与西方政党的比较/郭亚丁著.-北京:中国经济出版社,2005 |
| 386页;21cm |
| 中共浙江省委党校学科建设成果资助出版项目,浙江省哲学社会科学规划课题。 |
| ISBN 7-5017-0373-6:CNY30.00 |
| ● |
| 相关链接 |
|
|
|
|
正题名:政党差异性研究
索取号:D2/103
 
预约/预借
| 序号 | 登录号 | 条形码 | 馆藏地/架位号 | 状态 | 备注 |
| 1 | 0612226 | 206122266 | 第一样本阅览室/ [索取号:D2/103] | 在馆 | |
| 2 | 0612227 | 206122275 | 第一借阅区/ [索取号:D2/103] | 在馆 | |
| 3 | 0612228 | 206122284 | 第一借阅区/ [索取号:D2/103] | 在馆 | |
| 4 | 0612229 | 206122293 | 第一借阅区/ [索取号:D2/103] | 在馆 | |
| 5 | 0612230 | 206122300 | 第一借阅区/ [索取号:D2/103] | 在馆 | |
| 6 | 0612231 | 206122319 | 第一借阅区/ [索取号:D2/103] | 在馆 |